Help movie characters play Sporcle! Quiz Stats

 Plays Quiz not verified by Sporcle

Also try: Watch the Show!
Challenge
Share
Tweet
Score 0/30 Timer 08:00
0 Plays Today
% Correct
Back to the Future II
94%
Jurassic Park
91.1%
Tyrannosaurus Rex
88.9%
Iron Man
82%
Avengers
80%
Wall-E
79.3%
Ferris Bueller's Day Off
78.8%
Slumdog Millionaire
77.3%
Star Wars
76.6%
14
76.6%
Mission Impossible
75.5%
Marge Simpson
75.1%
The Social Network
73.7%
Hydrogen
73.7%
Monsters Inc.
73.5%
% Correct
Washington
73.3%
Pikachu
70.4%
Bruce Springsteen
66.8%
Bridget Jones's Baby
66.4%
American Pie
66.4%
New Delhi
65.5%
The Matrix
64.8%
Her
58.8%
You've Got Mail
57.5%
Wall Street
53.9%
Nigeria
47.7%
Afghanistan
47.2%
Euro
43.9%
Christmas lights
40.5%
3.30
39%

You're not logged in!

Compare scores with friends on all Sporcle quizzes.
Join for Free
OR
Log In

You Might Also Like...

Show Comments

Extras

Top Quizzes Today


Score Distribution

Your Account Isn't Verified!

In order to create a playlist on Sporcle, you need to verify the email address you used during registration. Go to your Sporcle Settings to finish the process.

Report this User

Report this user for behavior that violates our Community Guidelines.

Details: